000
00352nam a2200169Ia 4500
100
_a
Godse/A.P/ Godse/D.A
650
_a
Computer graphics
942
_c
BK
366
_f
20
654
_a
graphics
245
_a
Compute graphics
260
_b
Tech Max
_c
2012
082
_a
6.6
_b
GOD
300
_a
328
546
_a
ENGLISH
_c
Computers
999
_c
22444
_d
22444